Sports Quiz

Random Sports or NFL Quiz

NFL QB career completions Quiz Stats

 Plays Quiz not verified by Sporcle

Challenge
Share
Tweet
Embed
Score 0/30 Timer 10:00
0 Plays Today
Years Players % Correct
1998-2010Peyton Manning
98%
1991-2010Brett Favre
97.6%
1983-1999Dan Marino
94.4%
1979-1994Joe Montana
91.3%
1983-1998John Elway
90.3%
2000-2010Tom Brady
89.4%
1985-1999Steve Young
89.3%
1984-2000Warren Moon
82.4%
1989-2000Troy Aikman
81%
1987-2007Vinny Testaverde
80.1%
1999-2010Donovan McNabb
79.9%
2001-2010Drew Brees
79.3%
1998-2009Kurt Warner
77.2%
1993-2006Drew Bledsoe
75.2%
1956-1973Johnny Unitas
72.9%
Years Players % Correct
1986-1996Jim Kelly
72.3%
1961-1978Fran Tarkenton
71.4%
1973-1987Dan Fouts
67.9%
1995-2007Steve McNair
64%
1995-2010Kerry Collins
63.3%
1979-1993Phil Simms
62%
1984-1997Boomer Esiason
58.7%
1994-2010Mark Brunell
57.2%
1994-2008Brad Johnson
57.1%
1987-2004Rich Gannon
52.4%
1971-1986Ken Anderson
46.3%
1980-1998Dave Krieg
41.1%
1986-1997Jim Everett
31.2%
1978-1998Steve DeBerg
26.9%
1966-1984Jim Hart
20.8%

You're not logged in!

Compare scores with friends on all Sporcle quizzes.
Join for Free
OR
Log In

You Might Also Like...

Show Comments

Extras

Created Feb 15, 2010ReportNominate
Tags:NFL Quiz, career, completion, player

Top Quizzes Today


Score Distribution

Your Account Isn't Verified!

In order to create a playlist on Sporcle, you need to verify the email address you used during registration. Go to your Sporcle Settings to finish the process.

Report this User

Report this user for behavior that violates our Community Guidelines.

Details: